European Countries In NATO - Sudden Death - Statistics

General Stats
  • This quiz has been taken 39 times
  • The average score is 19 of 29
Answers on the Grid
Answers color-coded by a green-red scale on the quiz's grid according to % correct below.
Albania
Andorra
Austria
Belarus
Belgium
Bosnia and Herzegovina
Bulgaria
Croatia
Czech Republic
Denmark
Estonia
Finland
France
Germany
Greece
Hungary
Iceland
Ireland
Italy
Latvia
Liechtenstein
Lithuania
Luxembourg
Malta
Moldova
Monaco
Montenegro
Netherlands
North Macedonia
Norway
Poland
Portugal
Romania
Russia
San Marino
Serbia
Slovakia
Slovenia
Spain
Sweden
Switzerland
Ukraine
United Kingdom
Vatican City
 
Answer Stats
Answer % Correct
Albania
86%
Denmark
86%
France
86%
Belgium
79%
Germany
79%
Czech Republic
71%
Estonia
71%
Iceland
71%
Lithuania
71%
Poland
71%
Bulgaria
64%
Croatia
64%
Hungary
64%
Italy
64%
Latvia
64%
Luxembourg
64%
Netherlands
64%
North Macedonia
64%
Norway
64%
Portugal
64%
Finland
57%
Sweden
57%
Greece
50%
Romania
50%
Slovakia
50%
Slovenia
50%
United Kingdom
50%
Montenegro
43%
Spain
36%
No matching quizzes found
Score Distribution
Percent of People with Each Score
Percentile by Number Answered
Your Score History
You have not taken this quiz